Statistics for Crowd-Sourced General Knowledge #18

Click here to take the quiz!

General Stats

  • This quiz has been taken 26,918 times
  • The average score is 13 of 20

Answer Stats

QuestionAnswer% Correct
What movie was about a deer whose mother was shot by a hunter?Bambi
94%
What is the official language in Liechtenstein?German
94%
What language do most of the people living near the Red Sea speak?Arabic
92%
What does the symbol € represent?Euro
87%
What is both a Greek letter and an American airline?Delta
84%
What is "tin" foil typically made from?Aluminum
81%
Carolina Reapers have been measured at up to 2.2 million on the Scoville scale.
What are they?
Chili peppers
71%
Who led Libya from 1969 until he was shot in 2011?Muammar Gaddafi
68%
What tiny island in the Caribbean is the only country named after a woman?Saint Lucia
68%
What were Fat Man and Little Boy?Atomic bombs
67%
What started in 1929 and didn't end until the start of WWII?The Great Depression
61%
What number are people afraid of if they suffer from hexakosioihexekontahexaphobia?666
60%
What Irish fighter was identified by Forbes as the world's highest-paid athlete in 2021?Conor McGregor
55%
What are thought to come from the Kuiper Belt or Oort Cloud, but sometimes
make trips to the inner solar system?
Comets
54%
What is the name of Monaco's famous casino?Casino de Monte-Carlo
52%
Which Shakespeare play has a name which means "The Storm"?The Tempest
51%
In what category did Winston Churchill win his Nobel Prize in 1953?Literature
50%
Which country’s flag features 27 white stars representing its 27 states?Brazil
36%
The first Rome was Rome. The second Rome was Constantinople.
Which European capital has been called the "Third Rome"?
Moscow
32%
What animal are the Canary Islands named after?
Dog
31%

Score Distribution

Percentile by Number Answered

Percent of People with Each Score

Your Score History

You have not taken this quiz